000 00386nam a2200157 i 4500
001 bg
100 1 _aCZERNI, Sergiusz.
245 0 _aSłownik techniczny włosko-polski /
_cSergiusz Czerni.
250 _aWyd.2 popr. i rozsz.
260 _aWarszawa,
_c1975.
040 _cBPK
041 _apol
080 _a62(03)=50=84
942 _cKS
008 s pl f |000 0 pol
999 _c16246
_d16246
856 _uhttp://koha.tu.koszalin.pl/cgi-bin/koha/opac-detail.pl?biblionumber=16246
_yKatalog online BPK